000 00487cam a2200169ua 4500
003 OSt
008 250104b |||||||| |||| 00| 0 eng d
020 _a81 203 0752 6
082 _a621.371
_bHEL/MO
100 _aHelfrick, Albert D .
_91330
100 _aCooper, William D .
_91331
245 _aModern Electronic Instrumentation and Measurement Techniques
250 _a1 /
260 _aNew Delhi :
_bPrentice Hall of India Pvt Ltd. ,
_c2014
300 _a446 ; .
942 _cBK
999 _c9307
_d9307